000 00639nab a2200193 4500
001 244442
003 OSt
005 20260108135330.0
007 tu
008 260108s2020|||||||
040 _aDE-2950
_cDE-2950
245 0 0 _aBar und Events in Etage 24
_bOderturm. Om höchsten Gebäude Brandenburgs zieht ganz oben mit der "Skylounge" nach über 5 Jahren wider Leben ein. Was die neue Eventlocation bietet/
_cThomas Gutke
264 _c2025
653 _aFrankfurt (Oder)
653 _aOderturm
653 _aSkylounge
773 0 _g36. Jahrgang (2025) Nr. 299 vom 24.12.2025, S. 17 mit Foto
_tMärkische Oderzeitung
942 _2z
_cA
999 _c374180
_d374180